[Event "Herzliya op"]
[Site "Herzliya"]
[Date "2008.09.04"]
[Round "3"]
[White "Ettinger, Amir"]
[Black "Ben Porat, Zeev"]
[Result "1-0"]
[WhiteElo "2012"]
[BlackElo "2008"]
[PlyCount "79"]
[EventDate "2008.09.02"]
[EventType "swiss"]
[EventRounds "9"]
[EventCountry "ISR"]
[SourceTitle "CBM 126 Extra"]
[Source "ChessBase"]
[SourceDate "2008.11.05"]
[SourceVersion "1"]
[SourceVersionDate "2008.11.05"]
[SourceQuality "1"]

1. e4 e6 2. d4 d5 3. Nc3 Nf6 4. Bg5 Bb4 5. e5 h6 6. Be3 Ne4 7. a3 Nxc3 8. Qd2 Ba5 9. bxc3 c5 10. dxc5 Nc6 11. Nf3 Qc7 12. Bb5 Bd7 13. Bxc6 Bxc6 14. 0-0 0-0-0 15. Nd4 g5 16. a4 a6 17. Rfb1 Rhg8 18. Nb3 Rdf8 19. Nxa5 Qxa5 20. Rb6 d4 21. Bxd4 Rd8 22. Qc1 Rd5 23. Qb2 Rgd8 24. Rb1 Qxa4 25. Rxb7 Bb5 26. Rxf7 Qc4 27. Qa1 R5d7 28. Rf6 h5 29. h3 g4 30. h4 Qd5 31. Rxb5 axb5 32. Qa6+ Kc7 33. Qb6+ Kc8 34. Rxe6 Rb7 35. Qa6 Kb8 36. Rd6 Rxd6 37. Qxd6+ Qxd6 38. cxd6 Rd7 39. Bc5 Rh7 40. e6 1-0

[Event "Ashdod op"]
[Site "Ashdod"]
[Date "2004.12.09"]
[Round "1"]
[White "Ettinger, Amir"]
[Black "Erenburg, Sergey"]
[Result "0-1"]
[WhiteElo "2184"]
[BlackElo "2537"]
[PlyCount "52"]
[EventDate "2004.12.09"]
[EventType "swiss"]
[EventRounds "9"]
[EventCountry "ISR"]
[SourceTitle "CBM 103 Extra"]
[Source "ChessBase"]
[SourceDate "2005.01.01"]
[SourceVersion "1"]
[SourceVersionDate "2005.01.01"]
[SourceQuality "1"]

1. d4 d5 2. Nf3 c6 3. c3 Bg4 4. Ne5 Bh5 5. g4 Bg6 6. Qb3 Qc8 7. Nd2 Nd7 8. Nxg6 hxg6 9. e4 Ndf6 10. g5 Nxe4 11. Nxe4 dxe4 12. h4 e6 13. Bg2 Bd6 14. Be3 Qc7 15. Qc2 Ne7 16. Bxe4 0-0-0 17. Qe2 Rh7 18. h5 Rdh8 19. Bf3 gxh5 20. Rxh5 Rxh5 21. Bxh5 Nf5 22. 0-0-0 Bf4 23. Rg1 Bxe3+ 24. fxe3 Ng3 25. Rxg3 Qxg3 26. Bf3 Rh2 0-1